ARRUPE JESUIT UNIVERSITY

CORONAVIRUS -STOP THE SPREAD - CLEAN,DISINFECT,COVER

The Duchess of Kent. (Record no. 130162)

MARC details
000 -LEADER
fixed length control field 00596cam a2200205u 4500
001 - CONTROL NUMBER
control field 10488619
003 - CONTROL NUMBER IDENTIFIER
control field ARRUPE
005 - DATE AND TIME OF LATEST TRANSACTION
control field 20200122092303.0
008 - FIXED-LENGTH DATA ELEMENTS--GENERAL INFORMATION
fixed length control field 830630s1971 enkaf 000 0 eng
010 ## - LIBRARY OF CONGRESS CONTROL NUMBER
LC control number unk83029022
040 ## - CATALOGING SOURCE
Original cataloging agency DLC
Transcribing agency CarP
Modifying agency DLC
050 00 - LIBRARY OF CONGRESS CALL NUMBER
Classification number DA591.A45
Item number 1971
300 ## - PHYSICAL DESCRIPTION
Other physical details illus, ports. ;
Dimensions 24 cm.
100 1# - MAIN ENTRY--PERSONAL NAME
Personal name Cathcart, Helen.
9 (RLIN) 48992
245 14 - TITLE STATEMENT
Title The Duchess of Kent.
Statement of responsibility, etc Helen Cathcart
260 ## - PUBLICATION, DISTRIBUTION, ETC. (IMPRINT)
Place of publication, distribution, etc London,
Name of publisher, distributor, etc W. H. Allen,
Date of publication, distribution, etc 1971.
300 ## - PHYSICAL DESCRIPTION
Extent 200 p, 16 plates :
650 ## - SUBJECT ADDED ENTRY--TOPICAL TERM
Topical term or geographic name as entry element Duchess of Kent
9 (RLIN) 48993
906 ## - LOCAL DATA ELEMENT F, LDF (RLIN)
a 0
b cbc
c premunv
d u
e ncip
f 19
g y-gencatlg
942 ## - ADDED ENTRY ELEMENTS (KOHA)
Source of classification or shelving scheme Library of Congress Classification
Koha item type Monograph ( Printed materials)
Holdings
Withdrawn status Lost status Source of classification or shelving scheme Damaged status Not for loan Collection code Home library Current library Shelving location Date acquired Total Checkouts Full call number Barcode Date last seen Price effective from Koha item type
    Library of Congress Classification     Main Collection ARRUPE LIBRARY ARRUPE LIBRARY Main Collection 22/01/2020   DA591.A45 1971 46600006183 22/01/2020 22/01/2020 Monograph ( Printed materials)

 

Arrupe Library. PO Box MP320 Mt Pleasant, Harare, Zimbabwe
263 242 745411|librarian@aju.ac.zw